The Great Pseudonym Challenge Quiz Stats

Quiz not verified by Sporcle

Also try: Common Bonds Chain
Challenge
Share
Tweet
Embed
Score 0/65 Timer 15:00
0 Plays Today
Birth Name Pseudonym % Correct
Samuel Langhorne ClemensMark Twain
88.6%
Sean John CombsDiddy
67.9%
Cassius Marcellus Clay Jr.Muhammad Ali
66.3%
Richard StarkeyRingo Starr
64.1%
Nicolas Kim CoppolaNicolas Cage
63.6%
Reginald Kenneth DwightSir Elton John
63.6%
Norma Jeane MortensonMarilyn Monroe
62%
Robert Allen ZimmermanBob Dylan
57.6%
Theodor GeiselDr. Seuss
56%
Malcolm Little (full name)Malcolm X
54.9%
Gordon Matthew Thomas SumnerSting
54.9%
Eldrick Tont Woods (full name)Tiger Woods
53.8%
Vladimir Ilich UlyanovVladimir Lenin
49.5%
Ernesto Rafael Guevara de la SernaChe Guevara
48.4%
Marion Mitchell MorrisonJohn Wayne
48.4%
Paul David HewsonBono
47.8%
Siddhartha GautamaBuddha
47.3%
Eric Arthur BlairGeorge Orwell
46.2%
Charles Lutwidge DodgsonLewis Carroll
42.4%
Mary Ann EvansGeorge Eliot
41.8%
Daniel FoeDaniel Defoe
41.8%
Stefani Joanne Angelina Germanotta (full name)Lady Gaga
40.8%
Cherilyn SarkisianCher
38%
Frances Ethel GummJudy Garland
38%
Ioseb Bessarionis dze DjugashviliJoseph Stalin
37.5%
Alecia Beth MoorePink
37.5%
Edson Arantes do NascimentoPelé
37.5%
Farrokh BulsaraFreddie Mercury
37%
Ehrich WeissHarry Houdini
36.4%
Ferdinand Lewis Alcindor, Jr.Kareem Abdul-Jabbar
33.2%
Charles DickensBoz
32.1%
John Joseph LydonJohnny Rotten
31.5%
William Bruce Rose, Jr. (full name)Axl Rose
30.4%
Birth Name Pseudonym % Correct
François-Marie ArouetVoltaire
29.9%
Stacy FergusonFergie
29.9%
Agnes Gonxha Bojaxhiu (full name)Mother Teresa
29.9%
Caryn Elaine JohnsonWhoopi Goldberg
29.9%
Cat StevensYusuf Islam
28.8%
Stephen KingRichard Bachman
26.1%
Fingal O'Flahertie WillsOscar Wilde
24.5%
Frederick AusterlitzFred Astaire
23.4%
Anne Bronte (full name)Acton Belle
22.3%
William Sydney Porter (full name)O. Henry
20.1%
Hector Hugh MunroSaki
20.1%
Jonathan Stuart LeibowitzJon Stewart
19.6%
Brian Hugh WarnerMarilyn Manson
18.5%
Erich Paul RemarkErich Maria Remarque
18.5%
Walker Smith Jr.Sugar Ray Robinson
17.9%
Benjamin FranklinSilence Dogood
16.3%
Amandine Aurore Lucile DupinGeorge Sand
15.8%
Saul HudsonSlash
15.2%
Alisa Zinov'yevna RosenbaumAyn Rand
15.2%
Daniel HandlerLemony Snicket
14.7%
Emily Bronte (full name)Ellis Belle
14.1%
James Todd Smith (full name)LL Cool J
14.1%
Pauline and Jeanne Phillips (full name)Dear Abby
14.1%
Charlotte Bronte (full name)Currer Belle
13.6%
John Simon RitchieSid Vicious
13.6%
Stephen Demetre GeorgiouCat Stevens
13.6%
Washington IrvingDiedrich Knickerbocker
7.6%
Chloe Anthony WoffordToni Morrison
6.5%
Agatha ChristieMary Westmacott
4.9%
Scott ThompsonCarrot Top
4.3%
Paul McCartneyThe Fireman
3.8%
Peter Michael McCartneyMike McGear
1.6%

You're not logged in!

Compare scores with friends on all Sporcle quizzes.
Join for Free
OR
Log In

You Might Also Like...

Show Comments

Extras

Top Quizzes Today


Score Distribution

Your Account Isn't Verified!

In order to create a playlist on Sporcle, you need to verify the email address you used during registration. Go to your Sporcle Settings to finish the process.

Report this User

Report this user for behavior that violates our Community Guidelines.

Details: